00480nam a2200157Ia 4500001000500000005001700005008004100022041000800063082001700071100002700088245015500115260000900270300002700279650000800306654000800314876820260306160634.0260306t2006||||xx |||||||||||||| ||spa|| aESP a371.33bF85E aFrostig, MarianneeAUT 0aFiguras y formas. Nivel elemental:bprograma para el desarrollo de la percepción visual y el aprestamiento preescolar: corporal, objetal y gráfico c2006 a80 páginas :c28 cm. aGEN aCED